000 00278nam a22001337a 4500
020 _a978-81-264-4938-5
082 _a920
_bTHO/S
100 _aTHOMAS,K.V
245 _aSONIA
260 _aKERALA
_bDC BOOKS
300 _a110
650 _aABOUT SONIA GANDHI
_zKERALA
942 _cBK
999 _c5677
_d5677